000
00306nam a22001337a 4500
020
_a
978-0-141-32629-0
082
_a
823
_b
DAH/E
100
_a
ROALD DAHL
245
_a
ESIO TROT
260
_a
UNITED KINGDOM
_b
PUFFIN BOOKS
_c
1991
300
_a
57
650
_a
CHILDREN'S STORY BOOK
_z
UNITED KINGDOM
942
_c
BK
999
_c
43
_d
43